000 00299nam a22001337a 4500
008 170529b xxu||||| |||| 00| 0 eng d
020 _a0275932281
041 _aeng
080 _a94(7/8)
100 _a16
101 _aSHH
245 _aTRANSFORMATION AND STRUGGLE
_cHALEBSKY, S
942 _2udc
_cBK
999 _c14932
_d14932